Ballon d'Or Top 3 of All time - Statistics

General Stats
  • This quiz has been taken 45 times
  • The average score is 118 of 209
Answer Stats
Year Player Team Place % Correct
2023 Lionel Messi Inter Miami 1st
100%
2021 Lionel Messi Paris Saint-Germain 1st
100%
2019 Lionel Messi Barcelona 1st
100%
2017 Lionel Messi Barcelona 2nd
100%
2016 Lionel Messi Barcelona 2nd
100%
2015 Lionel Messi Barcelona 1st
100%
2014 Lionel Messi Barcelona 2nd
100%
2013 Lionel Messi Barcelona 2nd
100%
2012 Lionel Messi Barcelona 1st
100%
2011 Lionel Messi Barcelona 1st
100%
2010 Lionel Messi Barcelona 1st
100%
2009 Lionel Messi Barcelona 1st
100%
2008 Lionel Messi Barcelona 2nd
100%
2007 Lionel Messi Barcelona 3rd
100%
2019 Cristiano Ronaldo Juventus 3rd
97%
2018 Cristiano Ronaldo Juventus 2nd
97%
2017 Cristiano Ronaldo Real Madird 1st
97%
2016 Cristiano Ronaldo Real Madird 1st
97%
2015 Cristiano Ronaldo Real Madrid 2nd
97%
2014 Cristiano Ronaldo Real Madrid 1st
97%
2013 Cristiano Ronaldo Real Madrid 1st
97%
2012 Cristiano Ronaldo Real Madrid 2nd
97%
2011 Cristiano Ronaldo Real Madrid 2nd
97%
2009 Cristiano Ronaldo Real Madrid 2nd
97%
2008 Cristiano Ronaldo Manchester United 1st
97%
2007 Cristiano Ronaldo Manchester United 2nd
97%
2025 Ousmane Dembélé Paris Saint-Germain 1st
94%
2002 Ronaldo Real Madrid 1st
94%
1998 Ronaldo Inter Milan 3rd
94%
1997 Ronaldo Inter Milan 1st
94%
1996 Ronaldo Barcelona 2nd
94%
2022 Karim Benzema Real Madrid 1st
92%
2023 Kylian Mbappé Paris Saint-Germain 3rd
92%
2025 Lamine Yamal Barcelona 2nd
92%
2017 Neymar Paris Saint-Germain 3rd
92%
2015 Neymar Barcelona 3rd
92%
2023 Erling Haaland Manchester City 2nd
89%
2018 Luka Modrić Real Madrid 1st
89%
2024 Rodri Manchester City 1st
89%
2024 Vinícius Júnior Real Madrid 2nd
89%
2007 Kaká AC Milan 1st
86%
2021 Robert Lewandowski Bayern Munich 2nd
86%
2011 Xavi Barcelona 3rd
86%
2010 Xavi Barcelona 3rd
86%
2009 Xavi Barcelona 3rd
86%
2012 Andrés Iniesta Barcelona 3rd
83%
2010 Andrés Iniesta Barcelona 2nd
83%
2006 Fabio Cannavaro Real Madird 1st
83%
2005 Ronaldinho Barcelona 1st
83%
2004 Ronaldinho Barcelona 3rd
83%
2006 Thierry Henry Arsenal 3rd
83%
2003 Thierry Henry Arsenal 2nd
83%
2025 Vitinha Paris Saint-Germain 3rd
83%
2018 Antoine Griezmann Atlético Madrid 3rd
81%
2016 Antoine Griezmann Paris Saint-Germain 3rd
81%
2002 Oliver Kahn Bayern Munich 3rd
81%
2001 Oliver Kahn Bayern Munich 3rd
81%
2000 Zinedine Zidane Juventus 2nd
81%
1998 Zinedine Zidane Juventus 1st
81%
1997 Zinedine Zidane Juventus 3rd
81%
2004 Andriy Shevchenko AC Milan 1st
78%
2000 Andriy Shevchenko AC Milan 3rd
78%
1999 Andriy Shevchenko AC Milan 3rd
78%
2022 Kevin De Bruyne Manchester City 3rd
78%
2014 Manuel Neuer Bayern Munich 3rd
78%
1992 Marco van Basten AC Milan 1st
78%
1989 Marco van Basten AC Milan 1st
78%
1988 Marco van Basten AC Milan 1st
78%
2001 Michael Owen Liverpool 1st
78%
2013 Franck Ribéry Bayern Munich 3rd
75%
2003 Paolo Maldini AC Milan 3rd
75%
1994 Paolo Maldini AC Milan 3rd
75%
2019 Virgil van Dijk Liverpool 2nd
75%
1973 Gerd Müller Bayern Munich 3rd
72%
1972 Gerd Müller Bayern Munich 2nd
72%
1970 Gerd Müller Bayern Munich 1st
72%
1969 Gerd Müller Bayern Munich 3rd
72%
2006 Gianluigi Buffon Juventus 2nd
72%
2024 Jude Bellingham Real Madrid 3rd
72%
2005 Steven Gerrard Liverpool 3rd
72%
1999 David Beckham Manchester United 2nd
69%
2003 Pavel Nedvěd Juventus 1st
69%
1959 Alfredo Di Stéfano Real Madrid 1st
67%
1957 Alfredo Di Stéfano Real Madrid 1st
67%
1956 Alfredo Di Stéfano Real Madrid 2nd
67%
1968 Bobby Charlton Manchester United 2nd
67%
1967 Bobby Charlton Manchester United 2nd
67%
1966 Bobby Charlton Manchester United 1st
67%
1960 Ferenc Puskás Real Madrid 2nd
67%
1976 Franz Beckenbauer Bayern Munich 1st
67%
1975 Franz Beckenbauer Bayern Munich 2nd
67%
1974 Franz Beckenbauer Bayern Munich 2nd
67%
1972 Franz Beckenbauer Bayern Munich 1st
67%
1966 Franz Beckenbauer Bayern Munich 3rd
67%
1975 Johan Cruyff Barcelona 3rd
67%
1974 Johan Cruyff Barcelona 1st
67%
1973 Johan Cruyff Barcelona 1st
67%
1971 Johan Cruyff Ajax 1st
67%
2021 Jorginho Chelsea 3rd
67%
2000 Luís Figo Real Madrid 1st
67%
1970 Gigi Riva Cagliari 3rd
64%
1969 Gigi Riva Cagliari 2nd
64%
1985 Michel Platini Juventus 1st
64%
1984 Michel Platini Juventus 1st
64%
1983 Michel Platini Juventus 1st
64%
1980 Michel Platini Saint-Étienne 3rd
64%
1977 Michel Platini Nancy 3rd
64%
1999 Rivaldo Barcelona 1st
64%
1988 Ruud Gullit AC Milan 2nd
64%
1987 Ruud Gullit AC Milan 1st
64%
2005 Frank Lampard Chelsea 2nd
61%
2001 Raúl Real Madrid 2nd
61%
1963 Lev Yashin Dynamo Moscow 1st
58%
2022 Sadio Mané Bayern Munich 2nd
58%
1996 Alan Shearer Newcastle United 3rd
56%
1966 Eusébio Benfica 2nd
56%
1965 Eusébio Benfica 1st
56%
1962 Eusébio Benfica 2nd
56%
2008 Fernando Torres Liverpool 3rd
56%
1971 George Best Manchester United 3rd
56%
1968 George Best Manchester United 1st
56%
2002 Roberto Carlos Real Madrid 2nd
56%
1965 Luis Suárez Inter Milan 3rd
53%
1964 Luis Suárez Inter Milan 2nd
53%
1961 Luis Suárez Inter Milandd 2nd
53%
1960 Luis Suárez Barcelona 1st
53%
1994 Roberto Baggio Juventus 2nd
53%
1993 Roberto Baggio Juventus 1st
53%
1995 George Weah AC Milan 1st
50%
1994 Hristo Stoichkov Barcelona 1st
50%
1992 Hristo Stoichkov Barcelona 2nd
50%
1991 Lothar Matthäus Inter Milan 2nd
50%
1990 Lothar Matthäus Inter Milan 1st
50%
1991 Jean-Pierre Papin Olympique de Marseille 1st
47%
1996 Matthias Sammer Borussia Dortmund 1st
47%
1982 Paolo Rossi Juventus 1st
47%
1989 Frank Rijkaard AC Milan 3rd
44%
1988 Frank Rijkaard AC Milan 3rd
44%
1981 Karl-Heinz Rummenigge Bayern Munich 1st
44%
1980 Karl-Heinz Rummenigge Bayern Munich 1st
44%
1979 Karl-Heinz Rummenigge Bayern Munich 2nd
44%
1993 Eric Cantona Manchester United 3rd
42%
1989 Franco Baresi AC Milan 2nd
42%
1970 Bobby Moore West Ham United 2nd
36%
1993 Dennis Bergkamp Inter Milan 2nd
36%
1992 Dennis Bergkamp Ajax 3rd
36%
1995 Jürgen Klinsmann Bayern Munich 2nd
36%
2004 Deco Barcelona 2nd
33%
1958 Just Fontaine Reims 3rd
33%
1979 Kevin Keegan Hamburger SV 1st
33%
1978 Kevin Keegan Hamburger SV 1st
33%
1977 Kevin Keegan Hamburger SV 2nd
33%
1956 Stanley Matthews Blackpool 1st
33%
1963 Gianni Rivera Milan 2nd
31%
1983 Kenny Dalglish Liverpool 2nd
31%
1964 Denis Law Manchester United 1st
25%
1973 Dino Zoff Juventus 2nd
25%
1987 Emilio Butragueño Real Madrid 3rd
25%
1986 Emilio Butragueño Real Madrid 3rd
25%
1967 Flórián Albert Ferencváros 1st
25%
1986 Gary Lineker Barcelona 2nd
25%
1995 Jari Litmanen Ajax 3rd
25%
1975 Oleg Blokhin Dynamo Kyiv 1st
22%
1959 Raymond Kopa Reims 2nd
22%
1958 Raymond Kopa Real Madrid 1st
22%
1957 Raymond Kopa Real Madrid 3rd
22%
1956 Raymond Kopa Real Madrid 3rd
22%
1990 Andreas Brehme Inter Milan 3rd
19%
1998 Davor Šuker Real Madrid 2nd
19%
1990 Salvatore Schillaci Juventus 2nd
17%
1983 Allan Simonsen Vejle 3rd
14%
1977 Allan Simonsen Borussia Mönchengladbach 1st
14%
1985 Bernd Schuster Barcelona 3rd
14%
1981 Bernd Schuster Barcelona 3rd
14%
1980 Bernd Schuster Barcelona 2nd
14%
1972 Günter Netzer Borussia Mönchengladbach 2nd
14%
1984 Jean Tigana Bordeaux 2nd
14%
1963 Jimmy Greaves Tottenham Hotspurs 3rd
14%
1967 Jimmy Johnstone Celtic 3rd
14%
1957 Billy Wright Wolverhampton Wanderers 2nd
11%
1986 Igor Belanov Dynamo Kyiv 1st
11%
1959 John Charles Juventus 3rd
11%
1962 Josef Masopust Dukla Prague 1st
11%
1974 Kazimierz Deyna Legia Warszawa 3rd
11%
1961 Omar Sívori Juventus 1st
11%
1987 Paulo Futre Atlético Madrid 2nd
11%
1985 Preben Elkjær Hellas Verona 2nd
11%
1984 Preben Elkjær Hellas Verona 3rd
11%
1997 Predrag Mijatović Real Madrid 2nd
11%
1971 Sandro Mazzola Inter Milan 2nd
11%
1960 Uwe Seeler Hamburger SV 3rd
11%
1991 Darko Pančev Red Star Belgrade 2nd
8%
1991 Dejan Savićević Red Star Belgrade 2nd
8%
1957 Duncan Edwards Manchester United 3rd
8%
1965 Giacinto Facchetti Inter Milan 2nd
8%
1958 Helmut Rahn Rot-Weiss Essen 2nd
8%
1961 Johnny Haynes Fulham 3rd
8%
1981 Paul Breitner Bayern Munich 2nd
8%
1982 Zbigniew Boniek Juventus 3rd
6%
1982 Alain Giresse Bordeaux 2nd
3%
1962 Karl-Heinz Schnellinger 1. FC Köln 3rd
3%
1979 Ruud Krol Ajax 3rd
3%
1964 Amancio Real Madird 3rd
0%
1968 Dragan Džajić Red Star Belgrade 3rd
0%
1969 Gianni Riveria AC Milan 1st
0%
1978 Hans Krankl Barcelona 2nd
0%
1976 Ivo Viktor Dukla Prague 3rd
0%
1978 Rob Rensenbrink Anderlecht 3rd
0%
1976 Rob Rensenbrink Anderlecht 2nd
0%
No matching quizzes found
Score Distribution
Percent of People with Each Score
Percentile by Number Answered
Your Score History
You have not taken this quiz